「一回だけ使用されている文字」関東編 - Statistics

General Stats
  • This quiz has been taken 1,278 times
  • The average score is 38 of 47
Answer Stats
文字 県名 解答欄 % Correct
栃木県 栃木市
97%
調 東京都 調布市
95%
東京都 墨田区
95%
東京都 練馬区
95%
群馬県 桐生市
94%
神奈川県 箱根町
94%
東京都 葛飾区
93%
千葉県 習志野市
93%
神奈川県 逗子市
93%
神奈川県 相模原市
93%
千葉県 銚子市
93%
埼玉県 蕨市
93%
千葉県 君津市
92%
千葉県 我孫子市
91%
千葉県 鴨川市
91%
東京都 杉並区
91%
東京都 狛江市
90%
千葉県 袖ヶ浦市
90%
埼玉県 桶川市
89%
埼玉県 鴻巣市
89%
東京都 青梅市
89%
東京都 八丈町
89%
茨城県 結城市
88%
群馬県 嬬恋村
88%
神奈川県 秦野市
87%
埼玉県 長瀞町
87%
茨城県 鉾田市
86%
埼玉県 蓮田市
85%
茨城県 鹿嶋市
84%
神奈川県 大磯町
84%
埼玉県 嵐山町
82%
栃木県 壬生町
81%
神奈川県 開成町
77%
千葉県 匝瑳市
76%
千葉県 南房総市
74%
栃木県 那須烏山市
73%
千葉県 鋸南町
70%
群馬県 みどり市
68%
埼玉県 ふじみ野市
66%
埼玉県 皆野町
60%
群馬県 甘楽町
58%
群馬県 片品村
57%
埼玉県 ときがわ町
56%
埼玉県 松伏町
52%
群馬県 榛東村
46%
群馬県 東吾妻町
40%
千葉県 睦沢町
39%
No matching quizzes found
Score Distribution
Percent of People with Each Score
Percentile by Number Answered
Your Score History
You have not taken this quiz